000 00231nam a2200085Ia 4500
008 170620s9999 xx 000 0 und d
100 _aRudramamba- B.
245 0 _aMethods of Teaching Economics
260 _bNew Delhi- Discovery Publishing House
260 _c2004
999 _c24442
_d24442